Top XIs: Sporting Lisbon (1980-2024) - Statistics

General Stats
  • This quiz has been taken 128 times
    102 since last reset
  • The average score is 110 of 500
Answer Stats
Hint Position Answer % Correct
2023/2024 ST Viktor Gyökeres
68%
2023/24 EL ST Viktor Gyökeres
68%
2016/2017 DF Sebastián Coates
66%
2017/2018 DF Sebastián Coates
66%
2018/2019 DF Sebastián Coates
66%
2019/2020 DF Sebastián Coates
66%
2020/21 EL DF Sebastián Coates
66%
2020/2021 DF Sebastián Coates
66%
2021/2022 DF Sebastián Coates
66%
2022/2023 DF Sebastián Coates
66%
2022/23 EL DF Sebastián Coates
66%
2023/2024 DF Sebastián Coates
66%
2023/24 EL DF Sebastián Coates
66%
1991/1992 MF Luís Figo
64%
1992/1993 MF Luís Figo
64%
1993/1994 MF Luís Figo
64%
1994/1995 MF Luís Figo
64%
2001/2002 MF Ricardo Quaresma
64%
2002/2003 MF Ricardo Quaresma
64%
2014/2015 MF João Mário
63%
2015/2016 MF João Mário
63%
2015/16 EL MF João Mário
63%
2020/2021 MF Pedro Gonçalves
63%
2022/2023 MF Pedro Gonçalves
63%
2022/23 EL MF Pedro Gonçalves
63%
2023/2024 MF Pedro Gonçalves
63%
2023/24 EL MF Pedro Gonçalves
63%
2013/2014 MF William Carvalho
63%
2014/2015 MF William Carvalho
63%
2015/2016 MF William Carvalho
63%
2015/16 EL MF William Carvalho
63%
2016/2017 MF William Carvalho
63%
2017/2018 MF William Carvalho
63%
2005/2006 MF João Moutinho
61%
2006/2007 MF João Moutinho
61%
2007/2008 MF João Moutinho
61%
2008/2009 MF João Moutinho
61%
2009/2010 MF João Moutinho
61%
2017/2018 MF Bruno Fernandes
59%
2018/2019 MF Bruno Fernandes
59%
2019/2020 MF Bruno Fernandes
59%
2022/2023 MF Francisco Trincão
57%
2022/23 EL MF Francisco Trincão
57%
1980/1981 DF Augusto Inácio
55%
2021/2022 DF Gonçalo Inácio
55%
2022/2023 DF Gonçalo Inácio
55%
2022/23 EL DF Gonçalo Inácio
55%
2023/2024 DF Gonçalo Inácio
55%
2023/24 EL DF Gonçalo Inácio
55%
2016/2017 ST Bas Dost
54%
2017/2018 ST Bas Dost
54%
2018/2019 ST Bas Dost
54%
2003/2004 ST Liédson
50%
2004/2005 ST Liédson
50%
2005/2006 ST Liédson
50%
2006/2007 ST Liédson
50%
2007/2008 ST Liédson
50%
2008/2009 ST Liédson
50%
2009/2010 ST Liédson
50%
2005/2006 MF Nani
50%
2006/2007 MF Nani
50%
2014/2015 MF Nani
50%
2018/2019 MF Nani
50%
2020/21 EL MF Nuno Santos
50%
2020/2021 MF Nuno Santos
50%
2021/2022 MF Nuno Santos
50%
2022/2023 MF Nuno Santos
50%
2023/2024 MF Nuno Santos
50%
2020/2021 ST Paulinho
50%
2021/2022 ST Paulinho
50%
2022/23 EL ST Paulinho
50%
2023/24 EL ST Paulinho
50%
2020/21 EL MF Matheus Nunes
48%
2021/2022 MF Matheus Nunes
48%
2021/2022 DF Matheus Reis
46%
2022/2023 DF Matheus Reis
46%
2022/23 EL DF Matheus Reis
46%
2023/24 EL DF Matheus Reis
46%
2020/21 EL DF Pedro Porro
46%
2020/2021 DF Pedro Porro
46%
2021/2022 DF Pedro Porro
46%
2013/2014 MF André Martins
45%
2022/2023 MF Hidemasa Morita
45%
2023/2024 MF Hidemasa Morita
45%
2023/24 EL MF Hidemasa Morita
45%
2013/2014 ST Islam Slimani
45%
2015/2016 ST Islam Slimani
45%
2020/2021 MF João Palhinha
45%
2021/2022 MF João Palhinha
45%
2010/2011 DF João Pereira
45%
2011/2012 DF João Pereira
45%
2015/16 EL DF João Pereira
45%
2022/2023 ST Marcus Edwards
45%
2022/23 EL ST Marcus Edwards
45%
2023/2024 ST Marcus Edwards
45%
2023/2024 MF Morten Hjulmand
45%
2023/24 EL MF Morten Hjulmand
45%
1995/1996 MF Pedro Martins
43%
1996/1997 MF Pedro Martins
43%
2010/2011 ST Hélder Postiga
41%
2001/2002 ST Mário Jardel
41%
2001/02 UC ST Mário Jardel
41%
2002/2003 ST Mário Jardel
41%
2023/2024 DF Ousmane Diomande
41%
2023/24 EL DF Ousmane Diomande
41%
2017/2018 DF Fábio Coentrão
39%
2020/21 EL DF Luís Neto
39%
2020/2021 DF Luís Neto
39%
2021/2022 DF Luís Neto
39%
2022/2023 DF Ricardo Esgaio
39%
2022/23 EL DF Ricardo Esgaio
39%
2023/2024 DF Ricardo Esgaio
39%
2022/23 EL DF Jeremiah St. Juste
38%
2022/2023 MF Manuel Ugarte
38%
2022/23 EL MF Manuel Ugarte
38%
2010/2011 MF André Santos
36%
2017/2018 DF Jérémy Mathieu
36%
2018/2019 DF Jérémy Mathieu
36%
2019/2020 DF Jérémy Mathieu
36%
2006/2007 MF Miguel Veloso
36%
2007/2008 MF Miguel Veloso
36%
2008/2009 MF Miguel Veloso
36%
2009/2010 MF Miguel Veloso
36%
2023/24 EL MF Geny Catamo
34%
2007/2008 DF Abel Ferreira
32%
2008/2009 DF Abel Ferreira
32%
2009/2010 DF Abel Ferreira
32%
2012/2013 DF Cédric Soares
32%
2013/2014 DF Cédric Soares
32%
2014/2015 DF Cédric Soares
32%
2020/21 EL DF Zouhair Feddal
32%
2020/2021 DF Zouhair Feddal
32%
2021/2022 ST Pablo Sarabia
30%
2017/2018 MF Marcos Acuña
30%
2018/2019 DF Marcos Acuña
30%
2019/2020 DF Marcos Acuña
30%
2014/2015 DF Paulo Oliveira
30%
2011/2012 MF Diego Capel
29%
2012/2013 MF Diego Capel
29%
2013/2014 MF Diego Capel
29%
2013/2014 ST Fredy Montero
29%
2014/2015 ST Fredy Montero
29%
2013/2014 DF Jefferson
29%
2014/2015 DF Jefferson
29%
2015/2016 DF Jefferson
29%
2015/16 EL DF Jefferson
29%
2020/21 EL MF Tiago Tomás
29%
2020/2021 MF Tiago Tomás
29%
1981/1982 MF António Oliveira
27%
1982/1983 MF António Oliveira
27%
2015/2016 MF Bryan Ruíz
27%
2015/16 EL MF Bryan Ruíz
27%
2016/2017 MF Bryan Ruíz
27%
2010/2011 MF Maniche
27%
2009/2010 MF Matías Fernández
27%
2010/2011 MF Matías Fernández
27%
2011/2012 MF Matías Fernández
27%
1983/1984 MF Paulo Futre
27%
2006/2007 ST Yannick Djaló
27%
2009/2010 ST Yannick Djaló
27%
2010/2011 ST Yannick Djaló
27%
2012/2013 MF Adrien Silva
25%
2013/2014 MF Adrien Silva
25%
2014/2015 MF Adrien Silva
25%
2015/2016 MF Adrien Silva
25%
2016/2017 MF Adrien Silva
25%
2018/2019 ST Raphinha
25%
1980/1981 ST Rui Jordão
25%
1981/1982 ST Rui Jordão
25%
1982/1983 ST Rui Jordão
25%
1983/1984 ST Rui Jordão
25%
1984/1985 ST Rui Jordão
25%
2011/2012 ST R. van Wolfswinkel
25%
2012/2013 ST R. van Wolfswinkel
25%
2018/2019 MF Wendel
25%
2019/2020 MF Wendel
25%
2020/21 EL MF Wendel
25%
2001/2002 MF Hugo Viana
23%
2004/2005 MF Hugo Viana
23%
2019/2020 MF Idrissa Doumbia
23%
1995/1996 ST Ricardo Sá Pinto
23%
1996/1997 ST Ricardo Sá Pinto
23%
2000/2001 ST Ricardo Sá Pinto
23%
2004/2005 ST Ricardo Sá Pinto
23%
1997/1998 MF Simão
23%
1998/1999 MF Simão
23%
2003/2004 DF Ânderson Polga
21%
2004/2005 DF Ânderson Polga
21%
2005/2006 DF Ânderson Polga
21%
2006/2007 DF Ânderson Polga
21%
2007/2008 DF Ânderson Polga
21%
2008/2009 DF Ânderson Polga
21%
2010/2011 DF Ânderson Polga
21%
2011/2012 DF Ânderson Polga
21%
1993/94 UC DF Carlos Jorge
21%
2019/2020 ST Luciano Vietto
21%
2020/21 EL ST Luciano Vietto
21%
1981/1982 MF Mário Jorge
21%
1983/1984 MF Mário Jorge
21%
1984/1985 MF Mário Jorge
21%
1985/1986 MF Mário Jorge
21%
1986/1987 MF Mário Jorge
21%
1987/1988 MF Mário Jorge
21%
2000/2001 MF Paulo Bento
21%
2001/2002 MF Paulo Bento
21%
2001/02 UC MF Paulo Bento
21%
2002/2003 MF Paulo Bento
21%
2015/2016 DF Rúben Semedo
21%
2016/2017 DF Rúben Semedo
21%
2011/2012 ST André Carrillo
20%
2012/2013 ST André Carrillo
20%
2014/2015 ST André Carrillo
20%
2020/21 EL DF Nuno Mendes
20%
2020/2021 DF Nuno Mendes
20%
1996/1997 DF Beto
18%
1997/1998 DF Beto
18%
1998/1999 DF Beto
18%
1999/2000 DF Beto
18%
2000/2001 DF Beto
18%
2001/2002 DF Beto
18%
2001/02 UC DF Beto
18%
2002/2003 DF Beto
18%
2003/2004 DF Beto
18%
1988/1989 MF Carlos Manuel
18%
1989/1990 MF Carlos Manuel
18%
2017/2018 DF Cristiano Piccini
18%
1980/1981 ST Manuel Fernandes
18%
1981/1982 ST Manuel Fernandes
18%
1982/1983 ST Manuel Fernandes
18%
1983/1984 ST Manuel Fernandes
18%
1984/1985 ST Manuel Fernandes
18%
1985/1986 ST Manuel Fernandes
18%
1986/1987 ST Manuel Fernandes
18%
2012/2013 DF Marcos Rojo
18%
2013/2014 DF Marcos Rojo
18%
1995/1996 MF Pedro Barbosa
18%
1997/1998 MF Pedro Barbosa
18%
1998/1999 MF Pedro Barbosa
18%
1999/2000 MF Pedro Barbosa
18%
2000/2001 MF Pedro Barbosa
18%
2001/2002 MF Pedro Barbosa
18%
2001/02 UC MF Pedro Barbosa
18%
2002/2003 MF Pedro Barbosa
18%
2003/2004 MF Pedro Barbosa
18%
2017/2018 MF Rodrigo Battaglia
18%
2018/2019 DF Stefan Ristovski
18%
2019/2020 DF Stefan Ristovski
18%
2005/2006 DF Tonel
18%
2006/2007 DF Tonel
18%
2007/2008 DF Tonel
18%
2009/2010 DF Tonel
18%
2003/2004 MF Fábio Rochemback
16%
2004/2005 MF Fábio Rochemback
16%
2008/2009 MF Fábio Rochemback
16%
1990/1991 MF Krasimir Balakov
16%
1991/1992 MF Krasimir Balakov
16%
1992/1993 MF Krasimir Balakov
16%
1993/1994 MF Krasimir Balakov
16%
1993/94 UC MF Krasimir Balakov
16%
1994/1995 MF Krasimir Balakov
16%
2013/2014 DF Maurício
16%
2014/2015 DF Maurício
16%
2015/2016 DF Naldo
16%
2015/16 EL DF Naldo
16%
2015/2016 ST Teófilo Gutiérrez
16%
2015/16 EL ST Teófilo Gutiérrez
16%
2019/2020 ST Andraž Šporar
14%
1999/2000 ST Beto Acosta
14%
2000/2001 ST Beto Acosta
14%
2016/2017 MF Bruno César
14%
2008/2009 DF Daniel Carriço
14%
2009/2010 DF Daniel Carriço
14%
2010/2011 DF Daniel Carriço
14%
2015/2016 DF Ezequiel Schelotto
14%
2016/2017 DF Ezequiel Schelotto
14%
1986/1987 DF João Luís
14%
1987/1988 DF João Luís
14%
1988/1989 DF João Luís
14%
1989/1990 DF João Luís
14%
2007/2008 MF Marat Izmailov
14%
2008/2009 MF Marat Izmailov
14%
2009/2010 MF Marat Izmailov
14%
2016/2017 DF Marvin Zeegelaar
14%
2003/2004 DF Miguel Garcia
14%
1984/1985 MF Oceano
14%
1985/1986 MF Oceano
14%
1986/1987 MF Oceano
14%
1987/1988 MF Oceano
14%
1988/1989 MF Oceano
14%
1989/1990 MF Oceano
14%
1990/1991 MF Oceano
14%
1994/1995 MF Oceano
14%
1995/1996 MF Oceano
14%
1996/1997 MF Oceano
14%
1997/1998 MF Oceano
14%
2019/2020 MF Yannick Bolasie
14%
1999/2000 DF André Cruz
13%
2000/2001 DF André Cruz
13%
2001/2002 DF André Cruz
13%
2015/16 EL ST Carlos Mané
13%
1981/1982 MF Carlos Xavier
13%
1982/1983 MF Carlos Xavier
13%
1983/1984 MF Carlos Xavier
13%
1984/1985 MF Carlos Xavier
13%
1990/1991 MF Carlos Xavier
13%
2008/2009 ST Derlei
13%
2011/2012 MF Elías
11%
2012/2013 MF Elías
11%
1992/1993 MF Emilio Peixe
11%
1993/1994 MF Emilio Peixe
11%
1993/94 UC MF Emilio Peixe
11%
1994/1995 MF Emilio Peixe
11%
1991/1992 ST Ivaylo Yordanov
11%
1996/1997 ST Ivaylo Yordanov
11%
1997/1998 ST Ivaylo Yordanov
11%
1998/1999 ST Ivaylo Yordanov
11%
2006/2007 MF Leandro Romagnoli
11%
2007/2008 MF Leandro Romagnoli
11%
2005/2006 DF Marco Caneira
11%
2006/2007 DF Marco Caneira
11%
2008/2009 DF Marco Caneira
11%
2018/2019 MF Nemanja Gudelj
11%
2005/2006 DF Rodrigo Tello
11%
2006/2007 DF Rodrigo Tello
11%
2000/2001 DF César Prates
9%
2001/02 UC DF César Prates
9%
2000/2001 MF João Pinto
9%
2001/2002 MF João Pinto
9%
2001/02 UC MF João Pinto
9%
2002/2003 MF João Pinto
9%
2003/2004 MF João Pinto
9%
1990/1991 ST Jorge Cadete
9%
1991/1992 ST Jorge Cadete
9%
1992/1993 ST Jorge Cadete
9%
1993/1994 ST Jorge Cadete
9%
1993/94 UC ST Jorge Cadete
9%
2009/2010 DF Leandro Grimi
9%
1993/1994 DF Nélson
9%
1993/94 UC DF Nélson
9%
1994/1995 DF Nélson
9%
1995/1996 DF Nélson
9%
2007/2008 MF Simon Vukčević
9%
2010/2011 MF Simon Vukčević
9%
1998/1999 MF Aldo Duscher
7%
1999/2000 MF Aldo Duscher
7%
1993/94 UC MF António Pacheco
7%
2003/2004 MF Custódio
7%
2004/2005 MF Custódio
7%
2005/2006 MF Custódio
7%
2003/2004 ST Elpídio Silva
7%
2016/2017 MF Gelson Martins
7%
2017/2018 MF Gelson Martins
7%
2001/02 UC MF Hugo
7%
2002/2003 MF Hugo
7%
1985/1986 MF Jaime Pacheco
7%
1997/1998 MF José Luís Vidigal
7%
1999/2000 MF José Luís Vidigal
7%
1994/1995 DF Noureddine Naybet
7%
1995/1996 DF Noureddine Naybet
7%
1993/1994 MF Nuno Capucho
7%
1987/1988 ST Paulinho Cascavel
7%
1988/1989 ST Paulinho Cascavel
7%
1993/1994 MF Paulo Sousa
7%
1993/94 UC MF Paulo Sousa
7%
2004/2005 DF Rogério
7%
2011/2012 MF Stijn Schaars
7%
2015/16 EL MF Alberto Aquilani
5%
1986/1987 MF Mário Marques
5%
1980/1981 DF Eurico
5%
1981/1982 DF Eurico
5%
2015/16 EL DF Ewerton
5%
1985/1986 DF Fernando Mendes
5%
1986/1987 DF Fernando Mendes
5%
1987/1988 DF Fernando Mendes
5%
1988/1989 DF Fernando Mendes
5%
1995/1996 MF José Dominguez
5%
1996/1997 MF José Dominguez
5%
1989/1990 DF Luizinho
5%
1990/1991 DF Luizinho
5%
1991/1992 DF Luizinho
5%
1980/1981 ST Manoel
5%
1987/1988 MF Mário Marques
5%
2007/2008 DF Ronny
5%
1998/1999 DF Rui Jorge
5%
1999/2000 DF Rui Jorge
5%
2000/2001 DF Rui Jorge
5%
2001/2002 DF Rui Jorge
5%
2001/02 UC DF Rui Jorge
5%
2002/2003 DF Rui Jorge
5%
2003/2004 DF Rui Jorge
5%
2004/2005 DF Rui Jorge
5%
1980/1981 DF Vitorino Bastos
5%
2012/2013 MF Zakaria Labyad
5%
1992/1993 ST Andrzej Juskowiak
4%
1994/1995 ST Andrzej Juskowiak
4%
1984/1985 DF António Morato
4%
1985/1986 DF António Morato
4%
1986/1987 DF António Morato
4%
1987/1988 DF António Morato
4%
1988/1989 DF António Morato
4%
1984/1985 MF António Sousa
4%
1985/1986 MF António Sousa
4%
1993/1994 DF Budimir Vujačić
4%
1994/1995 DF Budimir Vujačić
4%
1995/1996 DF Budimir Vujačić
4%
1986/1987 DF Duílio
4%
1987/1988 DF Duílio
4%
2011/2012 DF Emiliano Insúa
4%
2012/2013 DF Emiliano Insúa
4%
2010/2011 DF Evaldo
4%
1980/1981 DF Francisco Barão
4%
1981/1982 DF Francisco Barão
4%
1989/1990 DF José Leal
4%
1990/1991 DF José Leal
4%
1991/1992 DF José Leal
4%
1992/1993 DF José Leal
4%
2012/2013 DF Khalid Boulahrouz
4%
1980/1981 MF Lito
4%
1981/1982 MF Lito
4%
1982/1983 MF Lito
4%
1983/1984 MF Lito
4%
1994/1995 DF Marco Aurélio
4%
1995/1996 DF Marco Aurélio
4%
1996/1997 DF Marco Aurélio
4%
1997/1998 DF Marco Aurélio
4%
1998/1999 DF Marco Aurélio
4%
1991/1992 DF Marinho
4%
1992/1993 DF Marinho
4%
2001/02 UC ST Marius Niculae
4%
1996/1997 MF Mustapha Hadji
4%
1982/1983 DF Pedro Venâncio
4%
1984/1985 DF Pedro Venâncio
4%
1985/1986 DF Pedro Venâncio
4%
1988/1989 DF Pedro Venâncio
4%
1989/1990 DF Pedro Venâncio
4%
1990/1991 DF Pedro Venâncio
4%
1991/1992 DF Pedro Venâncio
4%
1987/1988 ST Silvinho
4%
1992/1993 DF Stan Valckx
4%
1993/1994 DF Stan Valckx
4%
1993/94 UC DF Stan Valckx
4%
1980/1981 MF Ademar
2%
1981/1982 MF Ademar
2%
1982/1983 MF Ademar
2%
2005/2006 ST Deivid
2%
1988/1989 MF Douglas
2%
1989/1990 MF Douglas
2%
1990/1991 MF Douglas
2%
1991/1992 MF Douglas
2%
1994/1995 ST Emmanuel Amunike
2%
1995/1996 ST Emmanuel Amunike
2%
2002/2003 DF Facundo Quiroga
2%
1989/1990 ST Fernando Gomes
2%
1990/1991 ST Fernando Gomes
2%
1991/1992 MF Filipe
2%
1992/1993 MF Filipe
2%
1983/1984 DF Gabriel
2%
1985/1986 DF Gabriel
2%
2004/2005 DF Joseph Enakarhire
2%
1986/1987 MF Manolo Negrete
2%
1989/1990 ST Marlon Brandão
2%
2011/2012 DF Oguchi Onyewu
2%
2002/2003 DF Pablo Contreras
2%
1993/1994 DF Paulo Torres
2%
1993/94 UC DF Paulo Torres
2%
1996/1997 DF Pedrosa
2%
2001/2002 DF Phil Babb
2%
2001/02 UC DF Phil Babb
2%
1997/1998 DF Quim Berto
2%
2004/2005 MF Roudolphe Douala
2%
2005/2006 MF Roudolphe Douala
2%
1980/1981 MF Samuel Fraguito
2%
1993/94 UC MF Sergey Scherbakov
2%
1988/1989 MF Silas
2%
1989/1990 MF Silas
2%
1987/1988 ST Tony Sealy
2%
1982/1983 MF Vanio Kostov
2%
1983/1984 MF Vanio Kostov
2%
1981/1982 DF Virgílio
2%
1982/1983 DF Virgílio
2%
1983/1984 DF Virgílio
2%
1984/1985 DF Virgílio
2%
1982/1983 DF Zezinho
2%
1983/1984 DF Zezinho
2%
1997/1998 DF Abdelilah Saber
0%
1998/1999 DF Abdelilah Saber
0%
1999/2000 DF Abdelilah Saber
0%
1992/1993 DF Barny
0%
1998/1999 MF Delfim
0%
2000/2001 MF Delfim
0%
1999/2000 ST Kwame Ayew
0%
1998/1999 MF Edmílson
0%
1999/2000 MF Edmílson
0%
1996/1997 DF Gil Baiano
0%
1988/1989 ST José Forbs
0%
1997/1998 ST Leandro Machado
0%
1984/1985 MF Litos
0%
1990/1991 MF Litos
0%
1985/1986 ST Raphael Meade
0%
1986/1987 ST Raphael Meade
0%
No matching quizzes found
Score Distribution
Percent of People with Each Score
Percentile by Number Answered
Your Score History
You have not taken this quiz since the last reset